Statistics for World Capitals - Prefixes and Suffixes

Click here to take the quiz!

General Stats

  • This quiz has been taken 174 times
  • The average score is 19 of 32

Answer Stats

capital% Correct
Santo Domingo
85%
Mexico City
83%
Guatemala City
78%
Panama City
78%
San Salvador
77%
Port-au-Prince
76%
Port Moresby
74%
San José
71%
Port-of-Spain
67%
Porto Novo
66%
Georgetown
64%
Vatican City
63%
Brazzaville
60%
Libreville
60%
Kuwait City
59%
Port Louis
59%
Freetown
58%
Kingstown
57%
Saint John's
57%
Bridgetown
56%
Kingston
56%
New Delhi
56%
Saint George's
56%
San Marino
56%
Cape Town
55%
Port Vila
54%
Washington
40%
Lomé
37%
Wellington
37%
São Tomé
33%
Malé
27%
Yaoundé
21%

Score Distribution

Percentile by Number Answered

Percent of People with Each Score

Your Score History

You have not taken this quiz